Velázquez

Guardado en:
Detalles Bibliográficos
Formato: Libro
Lenguaje:español
Publicado: Madrid Revista de Occidente 1963
Edición:2a. ed
Colección:Colección El Arquero
Materias:
Etiquetas: Agregar Etiqueta
Sin Etiquetas, Sea el primero en etiquetar este registro!

MARC

LEADER 00000nam a2200000 a 4500
001 UCO1795
003 CL-VaPUC
008 000519e19630000SP |||||||||||||||||spa|d
082 0 4 |a 927  |b ORT  |2 21 
245 1 0 |a Velázquez 
250 |a 2a. ed 
300 |a 239 p 
942 |c BK 
945 |d 20000519 00:00:00  |a rbrito 
260 |a Madrid  |b Revista de Occidente  |c 1963 
600 0 7 |a VELAZQUEZ, DIEGO DE  |2 CL-VaPUC  |9 269210 
650 0 |a Pintura española   |9 315217 
650 0 |a Pintores españoles  |9 315216 
650 0 |a Biografías  |9 255210 
651 0 |a España  |9 254926 
583 |a last modification  |c 20000519 00:00:00  |k Rodrigo Vera 
490 0 |a Colección El Arquero 
999 |c 288390  |d 288388 
952 |0 0  |1 0  |4 0  |6 927_000000000000000_ORT_1963  |7 0  |8 A  |9 336056  |a BIBARQ  |b BIBARQ  |d 2019-11-20  |i 3620913  |o 927 ORT 1963  |p 3620913  |r 2025-01-20  |w 2019-11-20  |y BK  |k ARQ